Saggi sopra l'evoluzione del diritto privato / (Record no. 45438)

MARC details
000 -LEADER
campo de control de longitud fija 00372nam a2200133 i 4500
001 - NÚMERO DE CONTROL
campo de control 45438
003 - IDENTIFICADOR DE NÚMERO DE CONTROL
campo de control ES-MaACL
007 - CAMPO FIJO DE DESCRIPCIÓN FÍSICA--INFORMACIÓN GENERAL
campo de control de longitud fija t|
008 - DATOS DE LONGITUD FIJA--INFORMACIÓN GENERAL
campo de control de longitud fija 030326s1885 it ||||1| ita d
100 1# - ENTRADA PRINCIPAL--NOMBRE DE PERSONA
Nombre de persona Cogliolo, Pietro.
9 (RLIN) 39474
245 10 - MENCIÓN DEL TÍTULO
Título Saggi sopra l'evoluzione del diritto privato /
Mención de responsabilidad, etc. Prieto Cogliolo.
260 ## - PUBLICACIÓN, DISTRIBUCIÓN, ETC.
Lugar de publicación, distribución, etc. Torino :
Nombre del editor, distribuidor, etc. Fratelli Bocca,
Fecha de publicación, distribución, etc. 1885.
852 ## - LOCALIZACIÓN
Ubicación ES-MaACL
Número de control de estantería T-918-F-2
Holdings
Estatus retirado Estado de pérdida Estado de daño No para préstamo Colección Biblioteca de origen Biblioteca actual Ubicación en estantería Fecha de adquisición Fuente de adquisición Total de préstamos Signatura topográfica completa Código de barras Visto por última vez Precio de reemplazo Tipo de ítem Koha
        Colección de folletos Biblioteca del Ateneo de Madrid Biblioteca del Ateneo de Madrid Depósito folletos 17/01/2008     T-918-F-2 1047811 23/02/2023 23/02/2023 Folleto